Quizzes
Events
Quiz Creation
Community
Videos
Private Events
Remove Ads
Sign In
Join for FREE
Feedback
Dark Mode
Quiz Categories
Sports
Geography
Music
Movies
Television
Just For Fun
Miscellaneous
History
Literature
Language
Science
Gaming
Entertainment
Religion
Holiday
For Kids
Quiz Lab
Recent
Popular Today
Quiz Kudos Today
Editor Picks
Curator Picks
Quizzes by...
Day
Popularity
Type
Ratings
Length
Year
Community
Subscriptions
Recent Discussions
Orange Saloon
Badges
Playlists
Quests
Create
Leaderboards
Showdown
Live 5
Trivia Bingo
Activity
Puzzle Library
Sporcle Events
Private Events
Virtual Trivia
Globe League
Become a Host
Pub Owners
SporcleCon
Opinionation
Our Games
Videos
Blog
Mobile Apps
Partnerships
Remove Ads and Go Orange
Feedback
Sports
Athletes
MLB
NBA
NHL
NFL
Soccer
Sports Teams
WWE
NCAA
Football
Premier League
Basketball
Baseball
Hockey
Golf
Tennis
Cricket
Rugby
Auto Racing
Olympics
World Cup
Sports
Athletes
MLB
NBA
NHL
NFL
Soccer
Sports Teams
WWE
NCAA
Football
Premier League
Basketball
Baseball
Hockey
Golf
Tennis
Cricket
Rugby
Auto Racing
Olympics
World Cup
Random Quiz
Search Sporcle
×
Quiz Lab
Quiz Lab
Sports
Cricket
Type in answers that appear in a list
Type in answers that appear in a list
Classic
Best Score? Go Orange.
Top 300 Individual scores in an Inns- Test Matches Stats
Can you name batsmen to score top 300 Individual scores in an Inns- Test Matches?
By
pakhliwal
15m
300 Questions
2,328 Plays
2,328 Plays
2,328 Plays
Comments
Comments
Give Quiz Kudos
Give Quiz Kudos
-
- Ratings
hide this ad
Replay
Link that replays current quiz
Next Quiz
Link to next quiz in quiz playlist
You Got
0%
They Got
Avg Score
72%
Avg Friend Score
Upgrade to see
Score Distribution
Jump to the score distribution portion of the page
Score
0/300
Timer
15:00
0
Plays Today
Team
BATSMEN
% Correct
WI
BC Lara
99.2%
WI
BC Lara
99.2%
WI
BC Lara
99.2%
WI
BC Lara
99.2%
WI
BC Lara
99.2%
WI
BC Lara
99.2%
WI
BC Lara
99.2%
WI
BC Lara
99.2%
AUS
ML Hayden
97.9%
SL
DPMD Jayawardene
96.5%
SL
DPMD Jayawardene
96.5%
SL
DPMD Jayawardene
96.5%
SL
DPMD Jayawardene
96.5%
SL
DPMD Jayawardene
96.5%
SL
DPMD Jayawardene
96.5%
SL
KC Sangakkara
95.5%
SL
KC Sangakkara
95.5%
SL
KC Sangakkara
95.5%
SL
KC Sangakkara
95.5%
SL
KC Sangakkara
95.5%
SL
KC Sangakkara
95.5%
SL
KC Sangakkara
95.5%
SL
KC Sangakkara
95.5%
SL
KC Sangakkara
95.5%
SA
GC Smith
95.2%
SA
GC Smith
95.2%
SA
GC Smith
95.2%
SA
GC Smith
95.2%
AUS
SPD Smith
94.8%
AUS
SPD Smith
94.8%
AUS
SPD Smith
94.8%
AUS
DG Bradman
94.6%
AUS
DG Bradman
94.6%
AUS
DG Bradman
94.6%
AUS
DG Bradman
94.6%
AUS
DG Bradman
94.6%
AUS
DG Bradman
94.6%
AUS
DG Bradman
94.6%
AUS
DG Bradman
94.6%
AUS
DG Bradman
94.6%
AUS
DG Bradman
94.6%
AUS
DG Bradman
94.6%
WI
CH Gayle
94.5%
WI
CH Gayle
94.5%
ENG
AN Cook
94.4%
ENG
AN Cook
94.4%
ENG
AN Cook
94.4%
ENG
AN Cook
94.4%
ENG
AN Cook
94.4%
AUS
MJ Clarke
94.3%
AUS
MJ Clarke
94.3%
AUS
MJ Clarke
94.3%
AUS
MJ Clarke
94.3%
AUS
DA Warner
94.2%
AUS
MA Taylor
94.2%
AUS
DA Warner
94.2%
AUS
MA Taylor
94.2%
PAK
Younis Khan
94.1%
NZ
LRPL Taylor
94.1%
PAK
Younis Khan
94.1%
PAK
Younis Khan
94.1%
NZ
LRPL Taylor
94.1%
PAK
Younis Khan
94.1%
SL
ST Jayasuriya
93.5%
SL
ST Jayasuriya
93.5%
SL
ST Jayasuriya
93.5%
WI
GS Sobers
93.3%
WI
GS Sobers
93.3%
INDIA
V Sehwag
93.2%
INDIA
V Sehwag
93.2%
INDIA
V Sehwag
93.2%
INDIA
V Sehwag
93.2%
ENG
GA Gooch
92.9%
ENG
GA Gooch
92.9%
WI
IVA Richards
92.6%
WI
IVA Richards
92.6%
WI
IVA Richards
92.6%
SA
HM Amla
91.7%
INDIA
R Dravid
91.7%
SA
HM Amla
91.7%
INDIA
R Dravid
91.7%
INDIA
R Dravid
91.7%
INDIA
R Dravid
91.7%
SA
HM Amla
91.7%
INDIA
SR Tendulkar
90.4%
INDIA
SR Tendulkar
90.4%
INDIA
SR Tendulkar
90.4%
INDIA
SR Tendulkar
90.4%
INDIA
V Kohli
88.9%
INDIA
V Kohli
88.9%
INDIA
V Kohli
88.9%
INDIA
V Kohli
88.9%
INDIA
V Kohli
88.9%
INDIA
VVS Laxman
88.5%
ENG
JE Root
88.2%
ENG
JE Root
88.2%
ENG
L Hutton
88.1%
ENG
L Hutton
88.1%
ENG
L Hutton
88.1%
NZ
BB McCullum
88.1%
Team
BATSMEN
% Correct
NZ
BB McCullum
88.1%
NZ
BB McCullum
88.1%
PAK
Inzamam-ul- Haq
87.9%
AUS
RT Ponting
87.4%
AUS
RT Ponting
87.4%
AUS
RT Ponting
87.4%
AUS
RT Ponting
87.4%
AUS
RT Ponting
87.4%
AUS
RT Ponting
87.4%
PAK
Azhar Ali
87.1%
PAK
Azhar Ali
87.1%
PAK
Azhar Ali
87.1%
ENG
WR Hammond
86.2%
ENG
WR Hammond
86.2%
ENG
WR Hammond
86.2%
ENG
WR Hammond
86.2%
ENG
WR Hammond
86.2%
ENG
WR Hammond
86.2%
ENG
KP Pietersen
85.8%
ENG
KP Pietersen
85.8%
PAK
Javed Miandad
85.2%
PAK
Javed Miandad
85.2%
PAK
Javed Miandad
85.2%
PAK
Javed Miandad
85.2%
PAK
Javed Miandad
85.2%
AUS
JL Langer
83.7%
AUS
JL Langer
83.7%
AUS
JL Langer
83.7%
INDIA
SM Gavaskar
83.3%
INDIA
SM Gavaskar
83.3%
INDIA
SM Gavaskar
83.3%
INDIA
SM Gavaskar
83.3%
INDIA
KK Nair
82.4%
NZ
KS Williamson
82.3%
NZ
MD Crowe
81.8%
WI
CG Greenidge
81.1%
WI
CG Greenidge
81.1%
WI
CG Greenidge
81.1%
WI
CG Greenidge
81.1%
ENG
IR Bell
81%
NZ
SP Fleming
80.7%
NZ
SP Fleming
80.7%
PAK
Hanif Mohammad
79.4%
WI
RR Sarwan
79.3%
WI
RR Sarwan
79.3%
ENG
BA Stokes
78.9%
WI
CH Lloyd
78.5%
SA
G Kirsten
78.3%
SA
G Kirsten
78.3%
SA
G Kirsten
78.3%
INDIA
SC Ganguly
78.1%
ENG
D Lloyd
78.1%
ENG
DI Gower
77.6%
SA
AB de Villiers
77.2%
SA
AB de Villiers
77.2%
SA
JH Kallis
76.6%
ZIM
A Flower
74.4%
PAK
Mohammad Yousuf
73.5%
ENG
G Boycott
73.3%
AUS
GS Chappell
72.6%
AUS
GS Chappell
72.6%
PAK
Zaheer Abbas
71.2%
PAK
Zaheer Abbas
71.2%
PAK
Zaheer Abbas
71.2%
SA
HH Gibbs
71.2%
PAK
Zaheer Abbas
71.2%
SA
HH Gibbs
71.2%
SA
RG Pollock
71%
SA
RG Pollock
71%
AUS
RB Simpson
70.4%
ENG
DCS Compton
70.4%
AUS
RB Simpson
70.4%
ENG
DCS Compton
70.4%
ENG
JB Hobbs
70.2%
INDIA
MS Dhoni
68.7%
ENG
JH Edrich
68.6%
PAK
Shoaib Malik
68.3%
PAK
Saleem Malik
68%
SL
MS Atapattu
67.9%
SL
MS Atapattu
67.9%
SL
MS Atapattu
67.9%
SL
MS Atapattu
67.9%
SL
PA de Silva
67.9%
SL
PA de Silva
67.9%
ENG
KF Barrington
67.8%
INDIA
CA Pujara
67.8%
ENG
PBH May
67.7%
ENG
WJ Edrich
67.6%
ENG
IJL Trott
67%
NZ
NJ Astle
66.9%
NZ
TWM Latham
66.7%
AUS
AC Voges
65.7%
AUS
AC Voges
65.7%
ENG
ME Trescothick
65.7%
INDIA
RG Sharma
65.4%
BDESH
Tamim Iqbal
65.4%
WI
ED Weekes
65.4%
WI
ED Weekes
65.4%
PAK
Wasim Akram
65.3%
AUS
DM Jones
65.1%
Team
BATSMEN
% Correct
AUS
DM Jones
65.1%
ENG
N Hussain
64.6%
SA
DJ Cullinan
63.6%
BDESH
Shakib Al Hasan
63.5%
ENG
IT Botham
62.4%
WI
CL Walcott
62.3%
WI
RB Kanhai
62.2%
WI
RB Kanhai
62.2%
ENG
A Sandham
62.1%
WI
LG Rowe
62%
WI
LG Rowe
62%
ENG
MW Gatting
61.8%
WI
FMM Worrell
61.5%
WI
FMM Worrell
61.5%
WI
MN Samuels
60.7%
INDIA
G Gambhir
59.7%
NZ
B Sutcliffe
59.2%
WI
CL Hooper
58.7%
ENG
PD Collingwood
58.7%
AUS
RM Cowper
58.2%
WI
GA Headley
58%
WI
GA Headley
58%
BDESH
Mushfiqur Rahim
56.6%
AUS
MJ Slater
56.4%
NZ
GM Turner
55.8%
NZ
GM Turner
55.8%
AUS
RN Harvey
55.6%
ENG
DL Amiss
55.6%
SL
TT Samaraweera
54.9%
SL
TT Samaraweera
54.9%
AUS
KD Walters
54.6%
AUS
KD Walters
54.6%
INDIA
VG Kambli
54%
INDIA
VG Kambli
54%
PAK
Ijaz Ahmed
53.3%
PAK
Imtiaz Ahmed
53.2%
INDIA
GR Viswanath
53%
WI
DM Bravo
52.6%
AUS
WM Lawry
52.6%
AUS
WM Lawry
52.6%
ENG
RE Foster
52.5%
AUS
KJ Hughes
52.2%
INDIA
MA Agarwal
50.9%
INDIA
MA Agarwal
50.9%
ZIM
DL Houghton
49.3%
INDIA
RJ Shastri
49%
INDIA
MH Mankad
48.8%
INDIA
MH Mankad
48.8%
AUS
M Labuschagne
48%
ENG
RWT Key
47.9%
AUS
WH Ponsford
47.5%
PAK
Aamer Sohail
47.5%
ENG
TW Graveney
46.7%
WI
CC Hunte
46.6%
WI
KC Brathwaite
46.4%
ENG
ER Dexter
46.3%
WI
JC Adams
46.2%
PAK
Mohammad Hafeez
45.8%
WI
BF Butcher
45.7%
WI
SM Nurse
45.3%
SA
ND McKenzie
44.7%
INDIA
SV Manjrekar
44.6%
AUS
GN Yallop
44.5%
SA
JA Rudolph
43.9%
SA
AD Nourse
43.6%
SA
AD Nourse
43.6%
WI
SL Campbell
43.4%
NZ
BA Young
43.3%
AUS
AR Morris
41.5%
AUS
VT Trumper
41.4%
SL
RS Mahanama
40.6%
INDIA
W Jaffer
40.4%
WI
WW Hinds
39.6%
PAK
Mudassar Nazar
38.9%
PAK
Taufeeq Umar
38.8%
ENG
KWR Fletcher
38.7%
PAK
Qasim Umar
38.6%
PAK
Qasim Umar
38.6%
AUS
SJ McCabe
37.9%
AUS
GS Blewett
37.8%
ENG
E Paynter
37.7%
ENG
E Paynter
37.7%
AUS
SG Barnes
37.3%
WI
SFAF Bacchus
36.1%
INDIA
PR Umrigar
35.8%
NZ
MS Sinclair
35.6%
SA
DJ McGlew
34%
NZ
L Vincent
31.9%
ENG
EH Hendren
31.4%
AUS
WA Brown
31.1%
AUS
KR Stackpole
29.6%
INDIA
DN Sardesai
29.3%
NZ
GT Dowling
27.8%
AUS
WL Murdoch
24.7%
SA
EAB Rowan
24.1%
NZ
MP Donnelly
23.5%
WI
DS Atkinson
22.2%
PAK
Taslim Arif
21.9%
WI
CA Roach
21.4%
ENG
J Hardstaff jnr
14.2%
Quiz Playlist
Details
Report
Send in Message
Add To Playlist
Classic:
Type in answers that appear in a list
Last Updated: May 18, 2020
Quiz Scoreboard
CHALLENGE
Sign Up to Join the Scoreboard
Show All
Scores
Hide
Comments
May contain spoilers
Recently Published
Popular People in 1961
by mucciniale
History
6m
1-10 Letter E Words III
by El_Dandy
Language
2m
One Thing in Common: World Cities II
by knightlancer
Geography
7m
More to Explore
Quiz From the Vault
Featured Blog Post
Where Did the Easter Bunny Come From?
hide this ad
You Might Also Like...
Tags
Cricket Quiz
Test Cricket
Today's Top Quizzes in Sports
Browse Sports
hide this ad
Today's Top Quizzes in Cricket
Browse Cricket
Top Contributed Quizzes in Sports
1
Les meilleurs buteurs des matchs entre le PSG et l’OM
2
Les entraîneurs de l'OM et du PSG au 21e siècle
3
FIFA Club World Cup Champions
4
2022 World Cup Stars
5
Name the Premier League winners with different clubs
6
La finale Lions - Afrique du Sud 2021
7
Criteria MLB: Left Handed Sluggers
8
Players with Multiple 50 Home Run Seasons
9
MLB Players with Two .350 Batting Average Seasons
10
MLB Hall of Famer by Rings
Explore More
Trending Topics
Kpop
Harry Potter
NBA
Crossword
Marvel
Disney
Anime
Song
Puzzle
The Office
Country
WWE
Pokémon
NFL
Soccer
hide this ad
More By:
pakhliwal
Quiz
Plays
Rating
Category
Featured
Created
ICC Best-Ever Test BATTING Rating
7,453
4.58
Sports
Jan 4, 2020
England Cricket's Top 10
5,636
4.93
Sports
May 5, 2020
Cricket's Best since 2010
5,059
5.00
Sports
Nov 26, 2018
INDIAN TEST DEBUTANTS SINCE 1990
4,845
5.00
Sports
Jun 15, 2021
Indian Crickets TOP 10
4,654
5.00
Sports
Nov 16, 2018
Go to Creator's Profile
Score Distribution
Quiz Creator Spotlight
pakhliwal
Follow
Send a Message
Quizzes Created
-
Created Quiz Play Count
-
More By This Creator
Popular Quizzes Today
1
Find the US States - No Outlines Minefield
2
Find the Countries of Europe - No Outlines Minefield
3
The Countries of the World
4
Popular People in 1961
5
1-10 Letter E Words III
6
Find the US States
7
One Thing in Common: World Cities II
8
US States
More Sports Quizzes
Criteria NFL Quarterbacks II
Published
Trending Quizzes
Risky Map Clicking: Least Populous States A-Z
1-10 Letter F Words
1-10 Letter G Words
One Thing in Common: United Kingdom
Risky Map Clicking: Biggest States A-Z
Recently Updated
Leaping Animals
pecheneg
Reality TV Shows (A-Z)
bhenderson79
Rickey Henderson's Hall of Fame Teammates
pecheneg
Champions League XIs: Arsenal
pecheneg
Quick Pick: Celebrities in WWE's Hall of Fame
aduchscher
A-Z Keypad Blitz II
pecheneg
Multiple Oscar Actors
pecheneg
Mystery Phrase Blitz: Oscar 'Best Actors'
pecheneg
F. Scott Fitzgerald Novels
LTH
Pick 3 Villains
ddd62291
Trending Topics
Harry Potter
NBA
Anime
Crossword
Kpop
Marvel
Disney
WWE
Puzzle
The Office
NFL
Country
Song
Pokémon
Soccer
Your Account Isn't Verified!
In order to create a playlist on Sporcle, you need to verify the email address you used during registration. Go to your
Sporcle Settings
to finish the process.
Report this User
Report this user for behavior that violates our
Community Guidelines
.
Details:
Send Report
Go to the Sporcle.com Mobile Site →
Comments